| 000 | 00976nam a22002535a 4500 | ||
|---|---|---|---|
| 003 | OSt | ||
| 005 | 20170328131137.0 | ||
| 008 | 170328s2015 ua frb 000 0 ara d | ||
| 020 | _a9789770478745 | ||
| 040 |
_aEG-ScBUE _bara _cEG-ScBUE |
||
| 043 | _af-ua--- | ||
| 082 | 0 | 4 |
_a346.62092 _bح ل م _222 |
| 100 | 1 | _aحلمي، بهاء. | |
| 245 | 1 | 2 |
_aالاستثمار الأجنبي في القطاع المصرفي = _bForeign investment in the banking sector / _cبهاء حلمي. |
| 246 | 3 | 1 | _aForeign investment in the banking sector |
| 260 |
_aالقاهرة : _bدار النهضة العربية، _c2015. |
||
| 300 |
_a295 ص. ؛ _c24 سم. |
||
| 504 | _aيشتمل على إرجاعات ببليوجرافية. | ||
| 650 | 7 |
_aالاستثمارات الأجنبية _xقوانين وتشريعات _zمصر. _2BUEsh |
|
| 650 | 7 |
_aالبنوك _xقوانين وتشريعات _zمصر. _2BUEsh |
|
| 651 | _2BUEsh | ||
| 653 |
_bLLAAWW _cMarch2017 |
||
| 942 | _2ddc | ||
| 999 |
_c24558 _d24530 |
||